000 00927nam a2200253 i 4500
001 37457
003 ES-MaACL
005 20251014063104.0
007 t|
008 030221s1985 sp ||||1| spa d
080 _a860-24"19"
100 1 _aCabal, Fermín,
_d1948-
_933061
245 1 4 _aLas malandanzas de D. Juan Martín /
_cFermín Cabal ; [prólogo de Enrique Tierno Galván ; introducción de Eduardo Haro Tecglen].
260 _aMadrid :
_bFundación Banco Exterior :
_bAyuntamiento, Junta Municipal del Distrito Centro,
_c[1985]
300 _a91 p. ;
_c20 cm.
490 1 _aTeatro
700 1 _aTierno Galván, Enrique,
_d1918-1986
_9110235
700 1 _aHaro Tecglen, Eduardo,
_d1924-2005
_961879
710 2 _aFundación Banco Exterior.
_94226
710 1 _aMadrid.
_bJunta Municipal del Distrito Centro.
_95627
830 1 _aTeatro
_9178026
852 4 _aES-MaACL
_jL-12818
999 _c37457
_d37457